| 000 | 01094nam a2200217Ia 4500 | ||
|---|---|---|---|
| 008 | 0000002002 usad 0000000000eng00 | ||
| 020 | _a897972325 | ||
| 090 | _aPUS00 H85h | ||
| 245 | 1 | 0 |
_aHunt Slonem _b: recent works |
| 300 |
_a17 p. _c/ 24 cm. |
||
| 500 | _aExposición realizada en Marlborough Chelsea, marzo 9 a abril 9 de 2002 \ Incluye datos biográficos del artista \ Registro auspiciado por la FGAA. Bogotá | ||
| 505 | _aOBRAS : Rose breasted cockatoos. Hollyhock. Catalayas. Butterfly screen. Green singers on red. Petunia. Siddah and emerald toucans. Lady Gouldians. Pink catalaya. Hombills and Cockatoos. Amazons. Seville orange. Witness veil 5. Siddah and butterflies. Finches. Lories. Ocelots. Macaws | ||
| 600 | 0 | 0 |
_aSLONEM, HUNT, 1951/ _xTRABAJOS PICTORICOS |
| 650 | 1 | 4 | _aARTE CONTEMPORANEO ESTADOUNIDENSE |
| 650 | 1 | 4 | _aARTISTAS PLASTICOS ESTADOUNIDENSES |
| 650 | 1 | 4 | _xCATALOGOS |
| 650 | 1 | 4 | _xEXPOSICIONES |
| 650 | 1 | 4 | _aPINTORES ESTADOUNIDENSES |
| 650 | 1 | 4 | _aPINTURA ESTADOUNIDENSE |
| 999 |
_c10512 _d10512 |
||
| 260 |
_aNew York : Marlborough Chelsea _c2002 |
||